Talking points
Saved in:
| Hovedforfatter: | |
|---|---|
| Format: | Bog |
| Sprog: | engelsk |
| Udgivet: |
Londres
Longman
1977
|
| Fag: | |
| Tags: |
Tilføj Tag
Ingen Tags, Vær først til at tagge denne postø!
|
MARC
| LEADER | 00000nam a2200000 a 4500 | ||
|---|---|---|---|
| 001 | UCQ2818 | ||
| 003 | CL-VaPUC | ||
| 008 | 980731e19770000UK |||||||||||||||||eng|d | ||
| 082 | 0 | 4 | |a 421.52 |b OCK |2 21 |
| 100 | |a Ockenden, Michael |e author |9 417860 | ||
| 245 | 1 | 0 | |a Talking points |
| 300 | |a 34 p | ||
| 942 | |c BK | ||
| 945 | |d 19980731 00:00:00 |a crobeson | ||
| 260 | |a Londres |b Longman |c 1977 | ||
| 650 | 0 | |a Inglés |9 260023 | |
| 650 | 7 | |a PRONUNCIACION |2 CL-VaPUC |9 371723 | |
| 650 | 0 | |a Enseñanza de idiomas |9 339820 | |
| 650 | 0 | |a Educación lingüística |9 306506 | |
| 583 | |a last modification |c 19980731 00:00:00 |k Rodrigo Vera | ||
| 999 | |c 273583 |d 273581 | ||
| 952 | |0 0 |1 0 |4 0 |6 421_520000000000000_OCK_1977 |7 0 |8 A |9 309322 |a BIBEDU |b BIBEDU |d 2019-11-20 |i 1451480 |o 421.52 OCK 1977 |p 1451480 |r 2019-11-20 |w 2019-11-20 |y BK |k LIT | ||
| 952 | |0 0 |1 0 |4 0 |6 421_520000000000000_OCK_1977 |7 0 |8 A |9 309323 |a BIBEDU |b BIBEDU |d 2019-11-20 |i 1450905 |o 421.52 OCK 1977 |p 1450905 |r 2019-11-20 |w 2019-11-20 |y BK |k LIT | ||
| 952 | |0 0 |1 0 |4 0 |6 421_520000000000000_OCK_1977 |7 0 |8 A |9 309324 |a BIBEDU |b BIBEDU |d 2019-11-20 |i 1450956 |o 421.52 OCK 1977 |p 1450956 |r 2019-11-20 |w 2019-11-20 |y BK |k LIT | ||
| 952 | |0 0 |1 0 |4 0 |6 421_520000000000000_OCK_1977 |7 0 |8 A |9 309325 |a BIBEDU |b BIBEDU |d 2019-11-20 |i 1450794 |o 421.52 OCK 1977 |p 1450794 |r 2019-11-20 |w 2019-11-20 |y BK |k LIT | ||
| 952 | |0 0 |1 0 |4 0 |6 421_520000000000000_OCK_1977 |7 0 |8 A |9 309326 |a BIBEDU |b BIBEDU |d 2019-11-20 |i 1450743 |o 421.52 OCK 1977 |p 1450743 |r 2019-11-20 |w 2019-11-20 |y BK |k LIT | ||
| 952 | |0 0 |1 0 |4 0 |6 421_520000000000000_OCK_1977 |7 0 |8 A |9 309327 |a BIBEDU |b BIBEDU |d 2019-11-20 |i 1450727 |o 421.52 OCK 1977 |p 1450727 |r 2019-11-20 |w 2019-11-20 |y BK |k LIT | ||